000 00676cam a2200241 a 4500
001 2367497
005 20180116040407.0
008 840410s1984 nyua b 001 0 eng
010 _a 84002641
020 _a0815623143
020 _a0815623151 (pbk.)
040 _aDLC
_cDLC
_dDLC
_dOCoLC
041 _aeng
080 _a304.6 CHOU
082 0 0 _a304.6 CHOU
_219
100 _a50
101 _aSOC
245 0 0 _aMultidisciplinary perspectives on population and conflict /
_cedited by Nazli Choucri.
504 _aIncludes bibliographies and index.
740 0 _aPopulation and conflict.
906 _a7
_bcbc
_corignew
_d1
_eocip
_f19
_gy-gencatlg
942 _2ddc
_cBK
999 _c40347
_d40347